[Event "Santiago Oriental zt"]
[Site "Santiago"]
[Date "2024.01.21"]
[Round "1"]
[White "Fuentes De Feria, Hector Luis"]
[Black "Torres Valiente, Brayan"]
[Result "1/2-1/2"]
[WhiteElo "2120"]
[BlackElo "2256"]
[PlyCount "42"]
[EventDate "2024.01.21"]
[EventType "tourn"]
[EventRounds "9"]
[EventCountry "CUB"]
[SourceTitle "CB06_2024"]
[SourceDate "2024.02.07"]
[SourceVersion "1"]
[SourceVersionDate "2024.02.07"]
[SourceQuality "1"]

1. d4 d5 2. Nf3 e6 3. c4 Nf6 4. g3 Bd6 5. Bg2 Nc6 6. 0-0 0-0 7. a3 h6 8. Qc2 Bd7 9. Nbd2 dxc4 10. e4 e5 11. Nxc4 Bg4 12. dxe5 Bxf3 13. Bxf3 Nxe5 14. Nxe5 Bxe5 15. Be3 Qe7 16. Bc5 Bd6 17. Bxd6 cxd6 18. Rac1 Rfe8 19. Rfd1 Nxe4 20. Qxe4 Qxe4 21. Bxe4 Rxe4 1/2-1/2

[Event "CUB Cup Ventana Sur"]
[Site "Bayamo"]
[Date "2018.08.22"]
[Round "6.2"]
[White "Corona Del Prado, David Alejandro"]
[Black "Fuentes De Feria, Hector Luis"]
[Result "1-0"]
[WhiteElo "1891"]
[BlackElo "1845"]
[PlyCount "67"]
[EventDate "2018.08.20"]
[EventType "team-tourn"]
[EventRounds "10"]
[EventCountry "CUB"]
[SourceTitle "CBM 195 Extra"]
[Source "ChessBase"]
[SourceDate "2020.05.31"]
[SourceVersion "1"]
[SourceVersionDate "2020.05.31"]
[SourceQuality "1"]

1. d4 Nf6 2. Nc3 g6 3. Bg5 Bg7 4. e4 d6 5. Nf3 0-0 6. h3 c6 7. Be2 Qc7 8. 0-0 Nbd7 9. Qd2 e5 10. Rad1 Re8 11. d5 c5 12. Qe3 a6 13. a3 b5 14. Na2 Bb7 15. Nd2 c4 16. b3 cxb3 17. cxb3 Rac8 18. Rc1 Qb6 19. Qxb6 Nxb6 20. Bd3 Nbd7 21. b4 Nb6 22. f4 Nfd7 23. f5 f6 24. Be3 g5 25. Nb3 Na4 26. Na5 Ba8 27. Rc2 Rxc2 28. Bxc2 Nab6 29. Bb3 Kf8 30. Rc1 Nc8 31. Rc7 Ncb6 32. Ra7 Rb8 33. Rxa6 Ke8 34. Nc6 1-0